00669nam a22001937a 450000500170000001000150001702000270003203500140005903700130007308200120008624501110009826000350020927001120024430000240035650000340038070000180041470000210043270000220045320191122145710.0 aENG-126989 a9789388881128c1350.00 aEN-110521 bDBAD/PUB a338.954 a25 years of economic reforms & north east india /ced.by Bibhas Dhar, Sutapa sengupta and Siddheswar Sarma aGuwahatic2019bEBH publishers bGuwahatia136, M.L. Nehru Road, Panbazar Guwahati, Assame781001k913612513876measternbookshouse@gmail.com axx; 289p.c24cm(Hb) aIncludes references and index aDhar, Bibhash aSengupta, Sutapa aSarma, siddheswar